[Event "Terrassa op-B"]
[Site "Terrassa"]
[Date "1996.??.??"]
[Round "2"]
[White "Flores Garcia, Xavier"]
[Black "Garcia Gonzalez, Gonzalo"]
[Result "0-1"]
[WhiteElo "1800"]
[BlackElo "1820"]
[PlyCount "70"]
[EventDate "1996.07.??"]
[EventType "swiss"]
[EventRounds "9"]
[EventCountry "ESP"]
[SourceTitle "EXT 2002"]
[Source "ChessBase"]
[SourceDate "2001.11.25"]
[SourceVersion "1"]
[SourceVersionDate "2001.11.25"]
[SourceQuality "1"]

1. e4 e5 2. Nf3 Nc6 3. c3 Bc5 4. Bb5 a6 5. Ba4 Nf6 6. Bc2 0-0 7. d4 exd4 8. cxd4 Bb4+ 9. Nc3 d6 10. 0-0 Bxc3 11. bxc3 h6 12. Re1 Bg4 13. Qd3 Ne7 14. h3 Bxf3 15. Qxf3 c6 16. Ba3 Ng6 17. Rab1 Re8 18. Rxb7 Nh4 19. Qd3 Nh5 20. Bc1 Qc8 21. Rb1 Re6 22. e5 Rg6 23. exd6 Qd7 24. Re5 Nxg2 25. Kh2 Qxd6 26. Kh1 Nf6 27. Bd2 Nh4 28. Rbe1 Qd7 29. c4 Rb8 30. Qe3 Ng2 31. Re7 Nxe3 32. Rxd7 Nxc2 33. Rde7 Nxe1 34. Rxe1 Re8 35. Rd1 Re2 0-1

[Event "Terrassa op-B"]
[Site "Terrassa"]
[Date "1996.??.??"]
[Round "1"]
[White "Garcia Gonzalez, Gonzalo"]
[Black "Oliveras Simo, J."]
[Result "0-1"]
[WhiteElo "1820"]
[BlackElo "2000"]
[PlyCount "91"]
[EventDate "1996.07.??"]
[EventType "swiss"]
[EventRounds "9"]
[EventCountry "ESP"]
[SourceTitle "EXT 2002"]
[Source "ChessBase"]
[SourceDate "2001.11.25"]
[SourceVersion "1"]
[SourceVersionDate "2001.11.25"]
[SourceQuality "1"]

1. e4 e5 2. f4 exf4 3. Bc4 h6 4. d4 Qh4+ 5. Kf1 g5 6. Nf3 Qh5 7. e5 Ne7 8. d5 g4 9. d6 gxf3 10. Bxf7+ Qxf7 11. dxe7 Bxe7 12. Qxf3 Qc4+ 13. Ke1 Nc6 14. Bxf4 Nd4 15. Qh5+ Kd8 16. Na3 Bxa3 17. bxa3 Nxc2+ 18. Kd2 Qxf4+ 19. Kxc2 Rf8 20. Rhe1 Qc4+ 21. Kd1 Qd3+ 22. Kc1 Qc3+ 23. Kd1 Qxa1+ 24. Ke2 Qb2+ 25. Kd3 Qxa3+ 26. Ke2 Qxa2+ 27. Kd1 Qb3+ 28. Kc1 Qc3+ 29. Kd1 Qa1+ 30. Ke2 Qb2+ 31. Kd1 Qb1+ 32. Ke2 Qc2+ 33. Ke3 Qf2+ 34. Kd3 Qxe1 35. Qxh6 Qd1+ 36. Kc3 Qe1+ 37. Kb3 Qb1+ 38. Kc3 Qa1+ 39. Kb3 Qd1+ 40. Kc3 Qe1+ 41. Kb3 Qf2 42. Qg5+ Ke8 43. Kc3 a5 44. h4 a4 45. Qg6+ Qf7 46. Qb1 0-1